| 000 | 00595nam a2200193Ia 4500 | ||
|---|---|---|---|
| 003 | OSt | ||
| 005 | 20260625100010.0 | ||
| 008 | 210210b2004 xxu||||| |||| 00| 0 eng d | ||
| 040 | _cAL | ||
| 041 | _aKonkani | ||
| 082 | _a891.46301 NETM | ||
| 100 |
_aNETTO (EDI). _9265965 _dಎಡಿ ನೆಟ್ಟೊ |
||
| 245 |
_aMankulem: Motvya kaniyancho punjo. _bಮಂಕುಲೆಮ್: ಮೋಟ್ವ್ಯಾ ಕಾಣಿಯಂಚೊ ಪುಂಜೊ |
||
| 260 |
_aManglur. _bSevak Prakashan _c2004 |
||
| 300 | _a122 | ||
| 690 |
_aKonkani Fiction _9265966 |
||
| 906 | _a059693 | ||
| 942 |
_2ddc _cBK |
||
| 999 |
_c106662 _d106662 |
||